[Event "DVM U12 2024"]
[Site "Heidelberg GER"]
[Date "2024.12.27"]
[Round "2"]
[White "Akcapinar, Timur"]
[Black "Cetinalp, Poyraz"]
[Result "1-0"]
[Termination "normal"]
[Board "4.3"]
[WhiteElo "1687"]
[BlackElo "1512"]
[WhiteClock "01:19:59"]
[BlackClock "00:28:11"]
[WhiteTeam "Düsseldorfer SV 1854"]
[BlackTeam "SV Dresden-Striesen"]
[PlyCount "79"]
[WhiteFideId "16287509"]
[BlackFideId "34671340"]
[EventCountry "GER"]
[EventRounds "7"]
[EventType "team-swiss"]
[EventDate "2024.12.26"]

1. e4 {[%clk 01:30:58]} {[%emt 00:00:02]} e5 {[%clk 01:30:55]} {[%emt
00:00:06]} 2. Nc3 {[%clk 01:31:22]} {[%emt 00:00:05]} Nf6 {[%clk 01:31:21]}
{[%emt 00:00:04]} 3. d4 {[%clk 01:31:45]} {[%emt 00:00:08]} exd4 {[%clk
01:31:24]} {[%emt 00:00:26]} 4. Qxd4 {[%clk 01:32:06]} {[%emt 00:00:08]} Nc6
{[%clk 01:26:11]} {[%emt 00:05:43]} 5. Qd3 {[%clk 01:32:30]} {[%emt 00:00:07]}
Bb4 {[%clk 01:25:36]} {[%emt 00:01:05]} 6. Bd2 {[%clk 01:32:54]} {[%emt
00:00:05]} d5 {[%clk 01:19:45]} {[%emt 00:06:20]} 7. exd5 {[%clk 01:32:16]}
{[%emt 00:01:09]} Bxc3 {[%clk 01:18:39]} {[%emt 00:01:37]} 8. Bxc3 {[%clk
01:32:41]} {[%emt 00:00:04]} Ne7 {[%clk 01:11:09]} {[%emt 00:07:59]} 9. Bxf6
{[%clk 01:33:07]} {[%emt 00:00:05]} gxf6 {[%clk 01:11:15]} {[%emt 00:00:25]}
10. O-O-O {[%clk 01:33:30]} {[%emt 00:00:07]} Qd6 {[%clk 01:09:03]} {[%emt
00:02:40]} 11. Nf3 {[%clk 01:31:04]} {[%emt 00:02:59]} Bf5 {[%clk 01:08:03]}
{[%emt 00:01:28]} 12. Qb5+ {[%clk 01:31:17]} {[%emt 00:00:19]} c6 {[%clk
01:02:22]} {[%emt 00:06:10]} 13. dxc6 {[%clk 01:31:09]} {[%emt 00:00:38]} Qxc6
{[%clk 01:01:09]} {[%emt 00:01:41]} 14. Nd4 {[%clk 01:30:22]} {[%emt 00:01:18]}
Qxb5 {[%clk 00:59:00]} {[%emt 00:02:40]} 15. Bxb5+ {[%clk 01:30:45]} {[%emt
00:00:07]} Bd7 {[%clk 00:58:50]} {[%emt 00:00:40]} 16. Bxd7+ {[%clk 01:30:56]}
{[%emt 00:00:19]} Kxd7 {[%clk 00:58:59]} {[%emt 00:00:20]} 17. Rhe1 {[%clk
01:31:23]} {[%emt 00:00:04]} Nd5 {[%clk 00:54:57]} {[%emt 00:04:31]} 18. c4
{[%clk 01:30:38]} {[%emt 00:01:16]} Rac8 {[%clk 00:53:47]} {[%emt 00:01:37]}
19. b3 {[%clk 01:30:34]} {[%emt 00:00:38]} Rhe8 {[%clk 00:50:46]} {[%emt
00:03:30]} 20. Ne2 {[%clk 01:28:46]} {[%emt 00:02:17]} Re5 {[%clk 00:42:53]}
{[%emt 00:08:22]} 21. f4 {[%clk 01:29:10]} {[%emt 00:00:08]} Rf5 {[%clk
00:42:13]} {[%emt 00:01:09]} 22. Ng3 {[%clk 01:29:20]} {[%emt 00:00:20]} Rxf4
{[%clk 00:41:56]} {[%emt 00:00:47]} 23. Rxd5+ {[%clk 01:29:45]} {[%emt
00:00:05]} Kc6 {[%clk 00:41:57]} {[%emt 00:00:29]} 24. Nf5 {[%clk 01:29:54]}
{[%emt 00:00:19]} Kb6 {[%clk 00:41:14]} {[%emt 00:01:09]} 25. Ne7 {[%clk
01:21:59]} {[%emt 00:08:30]} Rc7 {[%clk 00:39:54]} {[%emt 00:01:48]} 26. Rb5+
{[%clk 01:22:20]} {[%emt 00:00:12]} Ka6 {[%clk 00:39:37]} {[%emt 00:00:46]} 27.
Nd5 {[%clk 01:22:41]} {[%emt 00:00:10]} Rfxc4+ {[%clk 00:36:56]} {[%emt
00:03:11]} 28. bxc4 {[%clk 01:23:01]} {[%emt 00:00:10]} Rxc4+ {[%clk 00:37:09]}
{[%emt 00:00:16]} 29. Nc3 {[%clk 01:21:54]} {[%emt 00:01:38]} Rxc3+ {[%clk
00:36:35]} {[%emt 00:01:03]} 30. Kb2 {[%clk 01:22:08]} {[%emt 00:00:16]} Rc6
{[%clk 00:36:35]} {[%emt 00:00:30]} 31. Rh5 {[%clk 01:22:30]} {[%emt 00:00:08]}
Rb6+ {[%clk 00:36:58]} {[%emt 00:00:08]} 32. Kc3 {[%clk 01:22:03]} {[%emt
00:00:57]} Rc6+ {[%clk 00:37:00]} {[%emt 00:00:28]} 33. Kb4 {[%clk 01:22:25]}
{[%emt 00:00:08]} Rc2 {[%clk 00:36:31]} {[%emt 00:00:58]} 34. Re3 {[%clk
01:20:10]} {[%emt 00:02:45]} Rxg2 {[%clk 00:30:28]} {[%emt 00:06:32]} 35. Ra3+
{[%clk 01:18:37]} {[%emt 00:02:03]} Kb6 {[%emt 00:00:10]} 36. Rb5+ {[%clk
01:18:42]} {[%emt 00:00:22]} Kc6 {[%clk 00:30:52]} {[%emt 00:00:29]} 37. Rc3+
{[%clk 01:19:07]} {[%emt 00:00:06]} Kd6 {[%clk 00:30:45]} {[%emt 00:00:36]} 38.
Rd3+ {[%clk 01:19:11]} {[%emt 00:00:27]} Kc6 {[%clk 00:30:23]} {[%emt
00:00:52]} 39. Rc5+ {[%clk 01:19:35]} {[%emt 00:00:06]} Kb6 {[%clk 00:28:11]}
{[%emt 00:02:42]} 40. Rd6# {[%clk 01:19:59]} 1-0

[Event "DVM U12 2024"]
[Site "Heidelberg GER"]
[Date "2024.12.27"]
[Round "2"]
[White "Xu, Yan"]
[Black "Heidtkamp, Anna"]
[Result "0-1"]
[Termination "normal"]
[Board "4.4"]
[WhiteElo "1268"]
[BlackElo "1663"]
[WhiteClock "01:05:17"]
[BlackClock "00:24:23"]
[WhiteTeam "SV Dresden-Striesen"]
[BlackTeam "Düsseldorfer SV 1854"]
[PlyCount "148"]
[WhiteFideId "34693424"]
[BlackFideId "16269012"]
[EventCountry "GER"]
[EventRounds "7"]
[EventType "team-swiss"]
[EventDate "2024.12.26"]

1. e4 {[%clk 01:30:55]} {[%emt 00:00:05]} e5 {[%clk 01:30:55]} {[%emt
00:00:05]} 2. Nf3 {[%clk 01:31:03]} {[%emt 00:00:23]} Nc6 {[%clk 01:31:20]}
{[%emt 00:00:06]} 3. Nc3 {[%clk 01:31:21]} {[%emt 00:00:11]} Nf6 {[%clk
01:31:44]} {[%emt 00:00:06]} 4. Bb5 {[%clk 01:31:42]} {[%emt 00:00:09]} Bc5
{[%clk 01:30:33]} {[%emt 00:01:41]} 5. Nxe5 {[%clk 01:31:45]} {[%emt 00:00:28]}
Nxe5 {[%clk 01:30:52]} {[%emt 00:00:11]} 6. d4 {[%clk 01:31:57]} {[%emt
00:00:18]} Bd6 {[%clk 01:30:42]} {[%emt 00:00:40]} 7. dxe5 {[%clk 01:31:57]}
{[%emt 00:00:30]} Bxe5 {[%clk 01:31:06]} {[%emt 00:00:06]} 8. O-O {[%clk
01:31:40]} {[%emt 00:00:47]} O-O {[%clk 01:31:13]} {[%emt 00:00:23]} 9. Re1
{[%clk 01:30:57]} {[%emt 00:01:13]} Re8 {[%clk 01:30:38]} {[%emt 00:01:05]} 10.
Bg5 {[%clk 01:30:32]} {[%emt 00:00:55]} c6 {[%clk 01:30:43]} {[%emt 00:00:26]}
11. Bc4 {[%clk 01:29:49]} {[%emt 00:01:12]} h6 {[%clk 01:29:38]} {[%emt
00:01:35]} 12. Bh4 {[%clk 01:29:51]} {[%emt 00:00:28]} Qc7 {[%clk 01:29:04]}
{[%emt 00:01:04]} 13. Bxf6 {[%clk 01:28:14]} {[%emt 00:02:07]} Bxf6 {[%clk
01:28:52]} {[%emt 00:00:42]} 14. Qh5 {[%clk 01:27:42]} {[%emt 00:01:01]} Rf8
{[%clk 01:28:14]} {[%emt 00:01:08]} 15. Rab1 {[%clk 01:24:41]} {[%emt
00:03:32]} d6 {[%clk 01:28:06]} {[%emt 00:00:38]} 16. h3 {[%clk 01:23:27]}
{[%emt 00:01:44]} Be6 {[%clk 01:28:09]} {[%emt 00:00:27]} 17. Bxe6 {[%clk
01:22:58]} {[%emt 00:00:59]} fxe6 {[%clk 01:28:34]} {[%emt 00:00:05]} 18. Qe2
{[%clk 01:21:44]} {[%emt 00:01:44]} Rfe8 {[%clk 01:18:37]} {[%emt 00:10:27]}
19. Rbd1 {[%clk 01:20:01]} {[%emt 00:02:14]} Rad8 {[%clk 01:17:20]} {[%emt
00:01:47]} 20. Qd3 {[%clk 01:19:31]} {[%emt 00:00:59]} Qb6 {[%clk 01:08:18]}
{[%emt 00:09:32]} 21. b3 {[%clk 01:18:03]} {[%emt 00:01:58]} Qa5 {[%clk
01:07:49]} {[%emt 00:00:59]} 22. Re3 {[%clk 01:16:25]} {[%emt 00:02:08]} Qc7
{[%clk 01:01:14]} {[%emt 00:07:04]} 23. Ree1 {[%clk 01:15:23]} {[%emt
00:01:32]} d5 {[%clk 00:59:35]} {[%emt 00:02:09]} 24. exd5 {[%clk 01:14:40]}
{[%emt 00:01:13]} exd5 {[%clk 00:59:39]} {[%emt 00:00:26]} 25. Ne2 {[%clk
01:13:21]} {[%emt 00:01:50]} Qa5 {[%clk 00:56:24]} {[%emt 00:03:44]} 26. a4
{[%clk 01:13:10]} {[%emt 00:00:41]} Qc7 {[%clk 00:52:02]} {[%emt 00:04:51]} 27.
Qg3 {[%clk 01:13:09]} {[%emt 00:00:27]} Qxg3 {[%clk 00:43:01]} {[%emt
00:09:34]} 28. Nxg3 {[%clk 01:13:10]} {[%emt 00:00:29]} Bc3 {[%clk 00:42:56]}
{[%emt 00:00:35]} 29. Rxe8+ {[%clk 01:13:04]} {[%emt 00:00:37]} Rxe8 {[%clk
00:43:19]} {[%emt 00:00:07]} 30. f3 {[%clk 01:12:36]} {[%emt 00:00:58]} Bb4
{[%clk 00:36:46]} {[%emt 00:07:03]} 31. Kf1 {[%clk 01:11:36]} {[%emt 00:01:27]}
g6 {[%clk 00:34:02]} {[%emt 00:03:17]} 32. Ne2 {[%clk 01:10:59]} {[%emt
00:01:07]} Kf7 {[%clk 00:32:01]} {[%emt 00:02:31]} 33. c3 {[%clk 01:09:51]}
{[%emt 00:01:39]} Bc5 {[%clk 00:30:26]} {[%emt 00:02:05]} 34. Nd4 {[%clk
01:09:37]} {[%emt 00:00:44]} Re3 {[%clk 00:27:05]} {[%emt 00:03:51]} 35. Ne2
{[%clk 01:08:46]} {[%emt 00:01:21]} g5 {[%clk 00:26:31]} {[%emt 00:01:04]} 36.
Rc1 {[%clk 01:08:37]} {[%emt 00:00:40]} Kf6 {[%clk 00:24:30]} {[%emt 00:02:30]}
37. Nd4 {[%clk 01:07:59]} {[%emt 00:01:08]} Bxd4 {[%clk 00:24:29]} {[%emt
00:00:31]} 38. cxd4 {[%clk 01:08:07]} {[%emt 00:00:21]} Rxb3 {[%clk 00:24:50]}
{[%emt 00:00:09]} 39. Rc5 {[%clk 01:08:18]} {[%emt 00:00:19]} Rd3 {[%emt
00:02:06]} 40. g4 {[%clk 01:07:31]} Rxf3+ {[%clk 00:24:00]} {[%emt 00:01:00]}
41. Ke2 {[%clk 01:07:36]} {[%emt 00:00:24]} Rxh3 {[%clk 00:23:55]} {[%emt
00:00:36]} 42. Rc1 {[%clk 01:07:25]} {[%emt 00:00:41]} Ra3 {[%clk 00:23:28]}
{[%emt 00:00:57]} 43. Rf1+ {[%clk 01:07:28]} {[%emt 00:00:26]} Kg7 {[%clk
00:20:45]} {[%emt 00:03:13]} 44. Kd2 {[%clk 01:07:38]} {[%emt 00:00:20]} Rxa4
{[%clk 00:20:42]} {[%emt 00:00:34]} 45. Kc3 {[%clk 01:07:57]} {[%emt 00:00:11]}
Ra3+ {[%clk 00:20:48]} {[%emt 00:00:23]} 46. Kb4 {[%clk 01:07:06]} {[%emt
00:01:21]} Rg3 {[%clk 00:20:44]} {[%emt 00:00:35]} 47. Kc5 {[%clk 01:06:54]}
{[%emt 00:00:42]} Rxg4 {[%clk 00:20:37]} {[%emt 00:00:36]} 48. Kd6 {[%clk
01:07:12]} {[%emt 00:00:13]} Rxd4 {[%clk 00:20:23]} {[%emt 00:00:43]} 49. Ke6
{[%clk 01:07:17]} {[%emt 00:00:25]} Rf4 {[%clk 00:20:38]} {[%emt 00:00:14]} 50.
Rg1 {[%clk 01:07:31]} {[%emt 00:00:16]} a5 {[%clk 00:20:45]} {[%emt 00:00:23]}
51. Rb1 {[%clk 01:07:27]} {[%emt 00:00:34]} b5 {[%clk 00:20:51]} {[%emt
00:00:24]} 52. Rc1 {[%clk 01:07:16]} {[%emt 00:00:42]} Rc4 {[%clk 00:20:58]}
{[%emt 00:00:22]} 53. Rf1 {[%clk 01:07:23]} {[%emt 00:00:23]} Kg6 {[%clk
00:21:13]} {[%emt 00:00:16]} 54. Rf6 {[%clk 01:07:17]} {[%emt 00:00:35]} Kh5
{[%clk 00:21:38]} {[%emt 00:00:05]} 55. Rf1 {[%clk 01:07:18]} {[%emt 00:00:29]}
a4 {[%clk 00:21:46]} {[%emt 00:00:23]} 56. Ra1 {[%clk 01:07:09]} {[%emt
00:00:39]} d4 {[%clk 00:21:37]} {[%emt 00:00:39]} 57. Kf5 {[%clk 01:07:11]}
{[%emt 00:00:28]} d3 {[%clk 00:21:48]} {[%emt 00:00:19]} 58. Rd1 {[%clk
01:07:11]} {[%emt 00:00:30]} Rf4+ {[%clk 00:22:06]} {[%emt 00:00:11]} 59. Ke5
{[%clk 01:07:30]} {[%emt 00:00:12]} a3 {[%clk 00:21:46]} {[%emt 00:00:50]} 60.
Rxd3 {[%clk 01:07:27]} {[%emt 00:00:33]} a2 {[%clk 00:21:34]} {[%emt 00:00:42]}
61. Ra3 {[%clk 01:06:48]} {[%emt 00:01:08]} Rf2 {[%clk 00:21:56]} {[%emt
00:00:08]} 62. Ke4 {[%clk 01:06:33]} {[%emt 00:00:46]} b4 {[%clk 00:21:20]}
{[%emt 00:01:06]} 63. Rh3+ {[%clk 01:06:16]} {[%emt 00:00:47]} Kg6 {[%clk
00:21:43]} {[%emt 00:00:07]} 64. Rh1 {[%clk 01:06:22]} {[%emt 00:00:23]} Rb2
{[%clk 00:21:58]} {[%emt 00:00:15]} 65. Ra1 {[%clk 01:06:14]} {[%emt 00:00:39]}
b3 {[%clk 00:22:23]} {[%emt 00:00:05]} 66. Rc1 {[%clk 01:06:08]} {[%emt
00:00:35]} Rb1 {[%clk 00:22:25]} {[%emt 00:00:28]} 67. Rxc6+ {[%clk 01:06:21]}
{[%emt 00:00:18]} Kh5 {[%clk 00:22:46]} {[%emt 00:00:09]} 68. Kf3 {[%clk
01:06:10]} {[%emt 00:00:41]} a1=Q {[%clk 00:22:54]} {[%emt 00:00:22]} 69. Kg3
{[%clk 01:05:53]} {[%emt 00:00:46]} Rg1+ {[%clk 00:23:13]} {[%emt 00:00:11]}
70. Kh3 {[%clk 01:05:23]} {[%emt 00:00:52]} Rh1+ {[%clk 00:23:39]} {[%emt
00:00:12]} 71. Kg3 {[%clk 01:05:30]} {[%emt 00:00:23]} Qe1+ {[%clk 00:24:02]}
{[%emt 00:00:07]} 72. Kf3 {[%clk 01:04:57]} {[%emt 00:01:03]} Rf1+ {[%clk
00:24:13]} {[%emt 00:00:19]} 73. Kg2 {[%clk 01:05:08]} {[%emt 00:00:20]} Qf2+
{[%clk 00:24:35]} {[%emt 00:00:07]} 74. Kh3 {[%clk 01:05:17]} {[%emt 00:00:22]}
Rh1# {[%clk 00:24:23]} {[%emt 00:00:08]} 0-1

[Event "DVM U12 2024"]
[Site "Heidelberg GER"]
[Date "2024.12.27"]
[Round "2"]
[White "Boroshnev, Dmytro"]
[Black "Vu, Hoang Bach"]
[Result "1/2-1/2"]
[Termination "normal"]
[Board "5.1"]
[WhiteElo "1624"]
[BlackElo "1779"]
[WhiteClock "00:40:31"]
[BlackClock "01:05:51"]
[WhiteTeam "SC Turm Erfurt"]
[BlackTeam "SC Borussia Lichtenberg"]
[PlyCount "53"]
[WhiteFideId "34163611"]
[BlackFideId "12436992"]
[EventCountry "GER"]
[EventRounds "7"]
[EventType "team-swiss"]
[EventDate "2024.12.26"]

1. e4 {[%clk 01:30:58]} d5 {[%clk 01:30:40]} {[%emt 00:00:21]} 2. exd5 {[%clk
01:31:08]} {[%emt 00:00:18]} Qxd5 {[%clk 01:31:07]} {[%emt 00:00:05]} 3. Nc3
{[%clk 01:31:33]} {[%emt 00:00:04]} Qd6 {[%clk 01:31:31]} {[%emt 00:00:07]} 4.
Nf3 {[%clk 01:31:23]} {[%emt 00:00:40]} Nf6 {[%clk 01:31:56]} {[%emt 00:00:05]}
5. d4 {[%clk 01:30:55]} {[%emt 00:00:58]} Nc6 {[%clk 01:32:21]} {[%emt
00:00:05]} 6. Be3 {[%clk 01:30:55]} {[%emt 00:00:30]} Bg4 {[%clk 01:32:42]}
{[%emt 00:00:09]} 7. Qd2 {[%clk 01:31:03]} {[%emt 00:00:23]} O-O-O {[%clk
01:31:36]} {[%emt 00:01:35]} 8. O-O-O {[%clk 01:31:21]} {[%emt 00:00:12]} Bxf3
{[%clk 01:31:49]} {[%emt 00:00:17]} 9. gxf3 {[%clk 01:31:43]} {[%emt 00:00:07]}
Nd5 {[%clk 01:32:10]} {[%emt 00:00:10]} 10. Ne4 {[%clk 01:30:11]} {[%emt
00:02:02]} Qg6 {[%clk 01:31:15]} {[%emt 00:01:25]} 11. h4 {[%clk 01:28:15]}
{[%emt 00:02:26]} Nxe3 {[%clk 01:28:46]} {[%emt 00:02:59]} 12. fxe3 {[%clk
01:28:14]} {[%emt 00:00:30]} e5 {[%clk 01:27:34]} {[%emt 00:01:44]} 13. c3
{[%clk 01:09:54]} {[%emt 00:18:49]} f5 {[%clk 01:26:24]} {[%emt 00:01:39]} 14.
Nf2 {[%clk 01:03:32]} {[%emt 00:06:52]} Qf7 {[%clk 01:25:06]} {[%emt 00:01:46]}
15. Kb1 {[%clk 01:03:19]} {[%emt 00:00:46]} exd4 {[%clk 01:25:24]} {[%emt
00:00:12]} 16. exd4 {[%clk 01:03:06]} {[%emt 00:00:41]} Be7 {[%clk 01:21:43]}
{[%emt 00:04:12]} 17. f4 {[%clk 00:58:15]} {[%emt 00:05:22]} Qd5 {[%clk
01:20:52]} {[%emt 00:01:18]} 18. Bd3 {[%clk 00:52:49]} {[%emt 00:05:58]} g6
{[%clk 01:20:06]} {[%emt 00:01:17]} 19. Rdf1 {[%clk 00:50:27]} {[%emt
00:02:51]} Bd6 {[%clk 01:19:15]} {[%emt 00:01:21]} 20. Nd1 {[%clk 00:50:16]}
{[%emt 00:00:41]} Rhe8 {[%clk 01:17:55]} {[%emt 00:01:51]} 21. Ne3 {[%clk
00:49:23]} {[%emt 00:01:23]} Qe6 {[%clk 01:18:15]} {[%emt 00:00:10]} 22. Rh3
{[%clk 00:46:37]} {[%emt 00:03:16]} Bf8 {[%clk 01:10:47]} {[%emt 00:07:59]} 23.
Qc2 {[%clk 00:45:00]} {[%emt 00:02:06]} Qd6 {[%clk 01:05:44]} {[%emt 00:05:34]}
24. Nc4 {[%clk 00:44:01]} {[%emt 00:01:29]} Qd5 {[%clk 01:05:50]} {[%emt
00:00:24]} 25. Ne5 {[%clk 00:43:06]} {[%emt 00:01:24]} Nxe5 {[%clk 01:05:44]}
{[%emt 00:00:36]} 26. fxe5 {[%clk 00:43:27]} {[%emt 00:00:08]} Kb8 {[%clk
01:05:51]} {[%emt 00:00:24]} 27. Qe2 {[%clk 00:40:31]} {[%emt 00:03:25]}
1/2-1/2

[Event "DVM U12 2024"]
[Site "Heidelberg GER"]
[Date "2024.12.27"]
[Round "2"]
[White "Svanidze, Alexander"]
[Black "Buff, Hannes"]
[Result "1-0"]
[Termination "normal"]
[Board "5.2"]
[WhiteElo "1615"]
[BlackElo "1370"]
[WhiteClock "01:28:00"]
[BlackClock "01:22:00"]
[WhiteTeam "SC Borussia Lichtenberg"]
[BlackTeam "SC Turm Erfurt"]
[PlyCount "35"]
[WhiteFideId "34623469"]
[BlackFideId "533014094"]
[EventCountry "GER"]
[EventRounds "7"]
[EventType "team-swiss"]
[EventDate "2024.12.26"]

1. e4 {[%clk 01:30:59]} c5 {[%clk 01:30:53]} {[%emt 00:00:07]} 2. c3 {[%clk
01:31:26]} {[%emt 00:00:03]} d6 {[%clk 01:31:11]} {[%emt 00:00:12]} 3. d4
{[%clk 01:31:53]} {[%emt 00:00:04]} b6 {[%clk 01:31:26]} {[%emt 00:00:15]} 4.
Nf3 {[%clk 01:32:14]} {[%emt 00:00:09]} Nc6 {[%clk 01:30:14]} {[%emt 00:01:42]}
5. d5 {[%clk 01:31:57]} {[%emt 00:00:48]} Ne5 {[%clk 01:29:52]} {[%emt
00:00:52]} 6. Nxe5 {[%clk 01:32:12]} {[%emt 00:00:16]} dxe5 {[%clk 01:30:06]}
{[%emt 00:00:15]} 7. Nd2 {[%clk 01:30:52]} {[%emt 00:01:50]} Nf6 {[%clk
01:29:33]} {[%emt 00:01:02]} 8. Nf3 {[%clk 01:29:59]} {[%emt 00:01:24]} Qc7
{[%clk 01:26:32]} {[%emt 00:03:32]} 9. Bg5 {[%clk 01:27:41]} {[%emt 00:02:48]}
Nxe4 {[%clk 01:26:22]} {[%emt 00:00:39]} 10. Qa4+ {[%clk 01:28:01]} {[%emt
00:00:12]} Qd7 {[%clk 01:24:33]} {[%emt 00:02:18]} 11. Bb5 {[%clk 01:27:50]}
{[%emt 00:00:41]} Nxg5 {[%clk 01:24:29]} {[%emt 00:00:34]} 12. Nxg5 {[%clk
01:27:39]} {[%emt 00:00:41]} Qxb5 {[%clk 01:24:23]} {[%emt 00:00:36]} 13. Qxb5+
{[%clk 01:28:03]} {[%emt 00:00:06]} Bd7 {[%clk 01:24:43]} {[%emt 00:00:10]} 14.
Qe2 {[%clk 01:28:14]} {[%emt 00:00:19]} g6 {[%clk 01:23:56]} {[%emt 00:01:16]}
15. Qf3 {[%clk 01:26:56]} {[%emt 00:01:48]} f6 {[%clk 01:21:16]} {[%emt
00:02:57]} 16. Ne6 {[%clk 01:27:11]} {[%emt 00:00:29]} Bxe6 {[%clk 01:21:37]}
{[%emt 00:00:09]} 17. dxe6 {[%clk 01:27:36]} {[%emt 00:00:05]} Rd8 {[%clk
01:22:00]} {[%emt 00:00:07]} 18. Qc6+ {[%clk 01:28:00]} 1-0

[Event "DVM U12 2024"]
[Site "Heidelberg GER"]
[Date "2024.12.27"]
[Round "2"]
[White "Balthasar, Johann"]
[Black "Bergmann, Rafael Antonio"]
[Result "0-1"]
[Termination "normal"]
[Board "5.3"]
[WhiteElo "1317"]
[BlackElo "1647"]
[WhiteClock "01:03:48"]
[BlackClock "01:16:58"]
[WhiteTeam "SC Turm Erfurt"]
[BlackTeam "SC Borussia Lichtenberg"]
[PlyCount "86"]
[WhiteFideId "533015678"]
[BlackFideId "34635076"]
[EventCountry "GER"]
[EventRounds "7"]
[EventType "team-swiss"]
[EventDate "2024.12.26"]

1. e4 {[%clk 01:30:58]} {[%emt 00:00:01]} e5 {[%clk 01:30:58]} {[%emt
00:00:03]} 2. Nf3 {[%clk 01:31:22]} {[%emt 00:00:06]} Nc6 {[%clk 01:31:24]}
{[%emt 00:00:04]} 3. d4 {[%clk 01:31:46]} {[%emt 00:00:05]} exd4 {[%clk
01:31:46]} {[%emt 00:00:09]} 4. Bc4 {[%clk 01:32:11]} {[%emt 00:00:05]} Bc5
{[%clk 01:32:10]} {[%emt 00:00:05]} 5. c3 {[%clk 01:32:29]} {[%emt 00:00:13]}
Nf6 {[%clk 01:32:35]} {[%emt 00:00:04]} 6. cxd4 {[%clk 01:32:31]} {[%emt
00:00:28]} Bb4+ {[%clk 01:33:00]} {[%emt 00:00:06]} 7. Bd2 {[%clk 01:32:28]}
{[%emt 00:00:32]} Nxe4 {[%clk 01:33:16]} {[%emt 00:00:14]} 8. Bxb4 {[%clk
01:32:39]} {[%emt 00:00:20]} Nxb4 {[%clk 01:33:40]} {[%emt 00:00:06]} 9. O-O
{[%clk 01:29:43]} {[%emt 00:03:25]} d5 {[%clk 01:33:27]} {[%emt 00:00:43]} 10.
Bb3 {[%clk 01:28:38]} {[%emt 00:01:27]} O-O {[%clk 01:30:02]} {[%emt 00:04:03]}
11. Nbd2 {[%clk 01:27:06]} {[%emt 00:02:02]} Bg4 {[%clk 01:28:53]} {[%emt
00:01:38]} 12. Qe2 {[%clk 01:25:54]} {[%emt 00:01:43]} Nxd2 {[%clk 01:28:55]}
{[%emt 00:00:28]} 13. Qxd2 {[%clk 01:24:13]} {[%emt 00:02:10]} Bxf3 {[%clk
01:29:07]} {[%emt 00:00:18]} 14. gxf3 {[%clk 01:23:51]} {[%emt 00:00:53]} Nc6
{[%clk 01:29:32]} {[%emt 00:00:06]} 15. Kh1 {[%clk 01:23:53]} {[%emt 00:00:27]}
Ne7 {[%clk 01:25:39]} {[%emt 00:04:22]} 16. Rg1 {[%clk 01:23:34]} {[%emt
00:00:50]} Ng6 {[%clk 01:25:24]} {[%emt 00:00:45]} 17. Bc2 {[%clk 01:23:50]}
{[%emt 00:00:14]} Qf6 {[%clk 01:25:41]} {[%emt 00:00:13]} 18. Rg2 {[%clk
01:23:45]} {[%emt 00:00:35]} Qxf3 {[%clk 01:24:45]} {[%emt 00:01:26]} 19. Qg5
{[%clk 01:20:30]} {[%emt 00:03:43]} Rae8 {[%clk 01:23:03]} {[%emt 00:02:13]}
20. Rag1 {[%clk 01:19:07]} {[%emt 00:01:52]} Re6 {[%clk 01:21:09]} {[%emt
00:02:25]} 21. Bf5 {[%clk 01:18:15]} {[%emt 00:01:19]} Rf6 {[%clk 01:21:29]}
{[%emt 00:00:14]} 22. Bg4 {[%clk 01:16:03]} {[%emt 00:02:42]} Qe4 {[%clk
01:21:54]} {[%emt 00:00:05]} 23. h4 {[%clk 01:12:51]} {[%emt 00:03:42]} Rxf2
{[%clk 01:15:55]} {[%emt 00:06:29]} 24. Kh2 {[%clk 01:11:47]} {[%emt 00:01:34]}
Rxg2+ {[%clk 01:15:18]} {[%emt 00:01:08]} 25. Rxg2 {[%clk 01:11:58]} {[%emt
00:00:19]} Qf4+ {[%clk 01:15:44]} {[%emt 00:00:04]} 26. Qxf4 {[%clk 01:09:33]}
{[%emt 00:00:14]} Nxf4 {[%clk 01:16:05]} {[%emt 00:02:48]} 27. Rf2 {[%clk
01:09:42]} {[%emt 00:00:22]} Ne6 {[%clk 01:16:26]} {[%emt 00:00:09]} 28. Bf3
{[%clk 01:09:28]} {[%emt 00:00:44]} c6 {[%clk 01:16:44]} {[%emt 00:00:14]} 29.
Rd2 {[%clk 01:08:41]} {[%emt 00:01:15]} Re8 {[%clk 01:16:34]} {[%emt 00:00:41]}
30. Re2 {[%clk 01:08:43]} {[%emt 00:00:28]} Kf8 {[%clk 01:16:58]} {[%emt
00:00:06]} 31. Rd2 {[%clk 01:08:09]} {[%emt 00:01:04]} Ke7 {[%clk 01:15:47]}
{[%emt 00:01:40]} 32. Bg4 {[%clk 01:08:23]} {[%emt 00:00:16]} g6 {[%clk
01:15:54]} {[%emt 00:00:23]} 33. h5 {[%clk 01:08:16]} {[%emt 00:00:37]} f5
{[%clk 01:15:31]} {[%emt 00:00:53]} 34. Bf3 {[%clk 01:08:24]} {[%emt 00:00:20]}
Kf6 {[%clk 01:15:28]} {[%emt 00:00:35]} 35. Kg3 {[%clk 01:08:16]} {[%emt
00:00:39]} Ng5 {[%clk 01:15:42]} {[%emt 00:00:15]} 36. hxg6 {[%clk 01:07:45]}
{[%emt 00:01:01]} Re3 {[%clk 01:15:26]} {[%emt 00:00:47]} 37. Rf2 {[%clk
01:07:53]} {[%emt 00:00:22]} Ne4+ {[%clk 01:15:53]} {[%emt 00:00:04]} 38. Kg2
{[%clk 01:08:09]} {[%emt 00:00:06]} Nxf2 {[%clk 01:15:37]} {[%emt 00:00:55]}
39. gxh7 {[%clk 01:08:19]} {[%emt 00:00:14]} Re8 {[%clk 01:15:56]} {[%emt
00:00:16]} 40. Kxf2 {[%emt 00:01:45]} Rh8 {[%emt 00:00:07]} 41. a3 {[%clk
01:04:07]} {[%emt 00:02:50]} Rxh7 {[%clk 01:16:14]} {[%emt 00:00:11]} 42. b4
{[%clk 01:03:37]} {[%emt 00:01:00]} Rh4 {[%clk 01:16:38]} {[%emt 00:00:06]} 43.
Ke3 {[%clk 01:03:48]} {[%emt 00:00:19]} Rh3 {[%clk 01:16:58]} {[%emt 00:00:10]}
0-1